Gender politics in the Western Balkans : women and society in Yugoslavia and the Yugoslav successor states

Αποθηκεύτηκε σε:
Λεπτομέρειες βιβλιογραφικής εγγραφής
Άλλοι συγγραφείς: Ramet, Sabrina P. 1949- (Επιμελητής έκδοσης)
Μορφή: Βιβλίο
Γλώσσα:English
Δημοσίευση: University Park, Pa. : Pennsylvania State University Press, 1999
Σειρά:Post-Communist cultural studies
Θέματα:
Ετικέτες: Προσθήκη ετικέτας
Δεν υπάρχουν, Καταχωρήστε ετικέτα πρώτοι!

MARC

LEADER 00000nam a2200000 i 4500
001 1/94926
008 081006s1999 eng d
020 |a 0-271-01802-X 
035 |l 10100637 
040 |a GR-MY-UA  |b gre  |e aacr 
041 0 |a eng 
082 0 |a 305.409497  |2 (22) 
245 1 0 |a Gender politics in the Western Balkans :  |b women and society in Yugoslavia and the Yugoslav successor states /  |c edited by Sabrina P. Ramet ; afterword by Branka Magas 
260 |a University Park, Pa. :   |b Pennsylvania State University Press,   |c 1999 
300 |a 343 σ.;  |c 24 εκ. 
490 1 |a Post-Communist cultural studies 
504 |a Βιβλιογραφία: σ. [291]-319 
504 |a Ευρετήριο: σ. [325]-343 
650 0 0 |a Women  |z Yugoslavia  |x History. 
650 0 0 |a Women  |z Former Yugoslav republics  |x History. 
650 0 0 |a Feminism  |x Yugoslavia  |x History. 
650 0 0 |a Feminism  |z Former Yugoslav republics  |x History. 
700 1 |a Ramet, Sabrina P.  |d 1949-  |4 edt 
700 1 |a Magas, Branka.  |4 oth 
830 0 |a Post-Communist cultural studies 
852 |a INST  |b LESVOS  |e 20081006  |h 305.409497 GEN  |p 005100043202  |q 005100043202  |t BK  |y 0 
901 |a BIBL1-2008-3 
909 |a Λ  |b 152193 
922 |a 1ΕΛΗ  |b 200803  |c ΕΠΕΑΕΚ2/ΤΚΑ  |d ΕΛΕΥΘΕΡΟΥΔΑΚΗΣ 
970 |a ΚΑΡΑ  |b ΓΙΑΣΕΜΗ  |z 2008/10/06